Mattey Securities Ltd v Ervin and others (Record no. 55976)

MARC details
000 -LEADER
fixed length control field 01633cab a2200241 4500
001 - CONTROL NUMBER
control field ABS59322
008 - FIXED-LENGTH DATA ELEMENTS--GENERAL INFORMATION
fixed length control field 090401t1998 xxu||||| |||| 00| 0 eng d
035 ## - SYSTEM CONTROL NUMBER
System control number (Sirsi) u88567
041 ## - LANGUAGE CODE
Language code of text/sound track or separate title eng
245 ## - TITLE STATEMENT
Title Mattey Securities Ltd v Ervin and others
260 ## - PUBLICATION, DISTRIBUTION, ETC.
Date of publication, distribution, etc. 1998
350 ## - PRICE (NR) (BK AM CF MU VM SE) [OBSOLETE]
Price 0
490 ## - SERIES STATEMENT
Series statement Estates Gazette
Volume/sequential designation [1998] 34 EG 91-94(4) (22/8/98)
520 ## - SUMMARY, ETC.
Summary, etc. "Mattey Securities Ltd v Ervin and others" CA 3 April 1998. The plaintiffs owned the freehold reversion of commercial premises subject to a lease granted in 1975 for a term of 25 years. By a licence to assign dated 2 October 1986, the defendents covenanted with the landlord to pay the rents during the residue of the term. The lease was assigned to E Ltd, which traded under the name of Bambino. In May 1991 the company was put into administration and B Ltd acquired the trade name of Bambino, the premises and paid the rent arrears. There were negotiations concerning the possible assignment of the lease which came to nothing. In 1992 E Ltd was dissolved and in 1994 B Ltd ceased trading. The landlord obtained judgement for the arrears of rent from the defendents. The defendents appealed contending that, following the administration order in respect of E Ltd, the lease was surrendered by operation of law and a tenancy was created in favour of B Ltd. Held: Appeal dismissed.
650 ## - SUBJECT ADDED ENTRY--TOPICAL TERM
Topical term or geographic name entry element ASSIGNMENT OF LEASES
650 ## - SUBJECT ADDED ENTRY--TOPICAL TERM
Topical term or geographic name entry element MATTEY SECURITIES LTD V ERVIN AND OTHERS
650 ## - SUBJECT ADDED ENTRY--TOPICAL TERM
Topical term or geographic name entry element OCCUPIERS
650 ## - SUBJECT ADDED ENTRY--TOPICAL TERM
Topical term or geographic name entry element RENT ARREARS
650 ## - SUBJECT ADDED ENTRY--TOPICAL TERM
Topical term or geographic name entry element SURRENDER
690 ## - LOCAL SUBJECT ADDED ENTRY--TOPICAL TERM (OCLC, RLIN)
Topical term or geographic name as entry element LANDLORD AND TENANT-CASE LAW-BUSINESS TENANCIES
942 ## - ADDED ENTRY ELEMENTS (KOHA)
Suppress in OPAC 0
948 ## - LOCAL PROCESSING INFORMATION (OCLC); SERIES PART DESIGNATOR (RLIN)
c (OCLC) 22/09/1998
Holdings
Withdrawn status Lost status Source of classification or shelving scheme Damaged status Not for loan Home library Current library Shelving location Date acquired Total Checkouts Full call number Barcode Date last seen Copy number Price effective from Koha item type
    Dewey Decimal Classification     London London Journal article 14/09/1999   ABS59322 88567-1001 06/08/2019 1 06/08/2019 Law report